Vybrané problémy konkurencieschopnosti subjektov v podnikaní bakalárska práca

Gespeichert in:
Bibliographische Detailangaben
1. Verfasser: Hodáková, Hana
Körperschaft: Fakulta podnikového manažmentu EU. Katedra podnikovohospodárska
Weitere Verfasser: Matušovič, Martin
Format: Buch
Sprache:Slowakisch
Veröffentlicht: Bratislava 2017
Tags: Tag hinzufügen
Keine Tags, Fügen Sie das erste Tag hinzu!

MARC

LEADER 00000nbm a2200000 4500
001 0232494
005 20171024101844.1
041 0 |a slo 
044 |a SK 
245 1 0 |a Vybrané problémy konkurencieschopnosti subjektov v podnikaní  |b bakalárska práca  |c Hana Hodáková ; školiteľ: Martin Matušovič 
264 1 |a Bratislava  |c 2017 
300 |a 49 s. 
100 1 |a Hodáková, Hana 
700 1 |a Matušovič, Martin 
710 2 |a Fakulta podnikového manažmentu EU. Katedra podnikovohospodárska